[Event "Tarija op"]
[Site "Tarija"]
[Date "2023.04.07"]
[Round "3"]
[White "Titichoca Daza, Daniel Henry"]
[Black "Rios Perez, Ricardo Daniel"]
[Result "1/2-1/2"]
[WhiteElo "2184"]
[BlackElo "1669"]
[PlyCount "83"]
[EventDate "2023.04.06"]
[EventType "swiss"]
[EventRounds "7"]
[EventCountry "BOL"]
[SourceTitle "EXT 2024"]
[Source "ChessBase"]
[SourceDate "2023.10.10"]
[SourceVersion "1"]
[SourceVersionDate "2023.10.10"]
[SourceQuality "1"]

1. c4 Nf6 2. Nc3 g6 3. Nf3 Bg7 4. g3 d6 5. d4 0-0 6. Bg2 Nc6 7. 0-0 e5 8. dxe5 dxe5 9. Bg5 Be6 10. Qc1 Qc8 11. Rd1 Re8 12. Nd5 Bxd5 13. cxd5 Nd4 14. Nxd4 exd4 15. Qf4 Nh5 16. Qd2 f6 17. Bh6 Bxh6 18. Qxh6 Rxe2 19. Bf3 Rxb2 20. Qc1 Rb6 21. Bxh5 gxh5 22. Rxd4 Qf5 23. Qxc7 Rc8 24. Qe7 Rc2 25. Qd8+ Kf7 26. Rf4 Qe5 27. Rd1 Qe2 28. Rf1 Qb5 29. Qh8 Kg6 30. Qg8+ Kh6 31. h4 Rc7 32. Kh2 Rd7 33. Re1 Qxd5 34. Qf8+ Kg6 35. Qe8+ Kg7 36. Re5 fxe5 37. Qf8+ Kg6 38. Qf5+ Kg7 39. Qf8+ Kg6 40. Qf5+ Kg7 41. Qf8+ Kg6 42. Qf5+ 1/2-1/2

[Event "Cochabamba op 6th"]
[Site "Cochabamba"]
[Date "2023.03.03"]
[Round "4"]
[White "Rios Perez, Ricardo Daniel"]
[Black "Monroy Garzon, Nataly Alejandra"]
[Result "0-1"]
[WhiteElo "1643"]
[BlackElo "1889"]
[PlyCount "80"]
[EventDate "2023.03.02"]
[EventType "swiss"]
[EventRounds "7"]
[EventCountry "BOL"]
[SourceTitle "CBM 213 Extra"]
[Source "ChessBase"]
[SourceDate "2023.05.31"]
[SourceVersion "1"]
[SourceVersionDate "2023.05.31"]
[SourceQuality "1"]

1. d4 c5 2. d5 g6 3. e4 Bg7 4. Nc3 d6 5. f4 Nf6 6. Bb5+ Bd7 7. e5 Ng8 8. Qe2 Qb6 9. Nf3 a6 10. Bd3 Bg4 11. Bc4 Nd7 12. e6 fxe6 13. dxe6 Ndf6 14. h3 Bxf3 15. Qxf3 Qc6 16. Kf2 Qxf3+ 17. Kxf3 0-0-0 18. Bd5 b5 19. Rd1 b4 20. Ne4 Nxd5 21. Rxd5 Nf6 22. Nxf6 Bxf6 23. a3 a5 24. axb4 axb4 25. Be3 Kb7 26. c3 bxc3 27. bxc3 Bxc3 28. Rb1+ Kc6 29. Rd3 Bb4 30. Bf2 Ra8 31. Bh4 Ra7 32. Rdd1 Rf8 33. Kg4 Rf5 34. Bf2 h5+ 35. Kh4 Rxf4+ 36. Kg3 g5 37. Rb2 Ra3+ 38. Kh2 Re4 39. Rc1 Rc3 40. Ra1 Rxe6 0-1

[Event "Santa Cruz op 5th"]
[Site "Santa Cruz"]
[Date "2023.02.17"]
[Round "3"]
[White "Rios Perez, Ricardo Daniel"]
[Black "Alvarez Orellana, Isai Jeremi"]
[Result "1-0"]
[WhiteElo "1626"]
[BlackElo "1422"]
[PlyCount "59"]
[EventDate "2023.02.16"]
[EventType "swiss"]
[EventRounds "7"]
[EventCountry "BOL"]
[SourceTitle "CBM 212 Extra"]
[Source "ChessBase"]
[SourceDate "2023.03.31"]
[SourceVersion "1"]
[SourceVersionDate "2023.03.31"]
[SourceQuality "1"]

1. d4 Nf6 2. Nc3 d5 3. Bf4 g6 4. Nf3 Bg7 5. Nb5 Na6 6. e3 c6 7. Nc3 Nc7 8. Qd2 0-0 9. Be2 Nh5 10. Be5 f6 11. Bg3 Nxg3 12. hxg3 e5 13. dxe5 fxe5 14. 0-0-0 e4 15. Nxe4 Bf5 16. Nc3 Qf6 17. Qd4 Qe7 18. Qh4 Qxh4 19. Rxh4 b5 20. Rdh1 h5 21. Bd3 Bxd3 22. cxd3 a5 23. Rf4 Ne6 24. Rxf8+ Rxf8 25. d4 Rc8 26. Kb1 Bf6 27. Rc1 Kg7 28. Nxd5 Rd8 29. Nxf6 Kxf6 30. Rxc6 1-0